000 00295nam a22001337a 4500
008 171010b xxu||||| |||| 00| 0 eng d
020 _a9781559349369
041 _aeng
080 _24 ED
_a316
100 _a50
101 _aSOC
245 _aISSUES IN FEMINISM
_cRUTH.SH
942 _2udc
_cBK
999 _c32818
_d32818